000
002740000a22000970004500
100
1
_a
Parra, César
245
1
0
_a
¿Defiende la iglesia los derechos del niño?
300
_a
Vol. 18, Num 4 (Octubre-Diciembre, 1999), Páginas 18-20
773
0
_t
Iglesia y Misión
942
_c
ANA
999
_c
52420
_d
52420